A Refresher Course in Essay , Report and Precis Writing / (Record no. 194299)

000 -LEADER
fixed length control field 01214 a2200157 4500
003 - CONTROL NUMBER IDENTIFIER
control field Nust
005 - DATE AND TIME OF LATEST TRANSACTION
control field 20230322131434.0
040 ## - CATALOGING SOURCE
Transcribing agency Nust
082 ## - DEWEY DECIMAL CLASSIFICATION NUMBER
Classification number 658.453,MCC
100 ## - MAIN ENTRY--PERSONAL NAME
Personal name Eric McColvin
9 (RLIN) 111072
245 ## - TITLE STATEMENT
Title A Refresher Course in Essay , Report and Precis Writing /
Statement of responsibility, etc. Eric McColvin
260 ## - PUBLICATION, DISTRIBUTION, ETC.
Place of publication, distribution, etc. london
Name of publisher, distributor, etc. George newnes Ltd
Date of publication, distribution, etc. 1946
300 ## - PHYSICAL DESCRIPTION
Extent 205 p;
505 ## - FORMATTED CONTENTS NOTE
Formatted contents note What are the Essential of Good Essay and Report Writing / (Page-9), Is a Knowledge of English Grammar Nieces Sary (Page-16), What is a Sentence? (Page-24), How are Bad Sentences Avoided? (Page-31), What is Paragraph (Page-40), How Shall I Begin an Essay? (Page-45), How Shall I Arrange my Material? (Page-50), Is Conciseness Always (Page-56), How Shall I Avoid Ambiguity and other Common Errors? (Page-73), Is a Wide Vocabulary Necessary? (Page-82), How Shall I Choose the Right Word? (Page-91), What is the Value of Paraphrasing? (Page-101), What is Précis Writing? (Page-117), What is Note Taking? (Page-136), What are the First Rules of Business Letter Writing? (Page-162), What is a House Journal? (Page-179), How is Material Prepared for the Press? (Page-184), How Shall i be Sure of My Face Exercises (Page-192).
942 ## - ADDED ENTRY ELEMENTS (KOHA)
Source of classification or shelving scheme
Koha item type Book
Holdings
Withdrawn status Lost status Source of classification or shelving scheme Damaged status Not for loan Permanent Location Current Location Shelving location Date acquired Full call number Barcode Date last seen Price effective from Koha item type Public note
          Military College of Signals (MCS) Military College of Signals (MCS) General Stacks 12/12/2016 658.453,MCC MCS29078 12/08/2016 12/12/2016 Book Almirah No.75, Shelf No.2
© 2023 Central Library, National University of Sciences and Technology. All Rights Reserved.